Memoria presentada a la Real Academia de la Historia el año de 1874, sobre la verdadera situación del pueblo de Urci en la España antigua, y sobre los límites de las antiguas provincias Bética y Tarraconense : (Record no. 54502)

MARC details
000 -LEADER
campo de control de longitud fija 00999nam a22002055i 4500
001 - NÚMERO DE CONTROL
campo de control 54502
003 - IDENTIFICADOR DE NÚMERO DE CONTROL
campo de control ES-MaACL
005 - FECHA Y HORA DE LA ÚLTIMA TRANSACCIÓN
campo de control 20230906162950.0
007 - CAMPO FIJO DE DESCRIPCIÓN FÍSICA--INFORMACIÓN GENERAL
campo de control de longitud fija t|
008 - DATOS DE LONGITUD FIJA--INFORMACIÓN GENERAL
campo de control de longitud fija 960702s1880 sp ||||1| spa d
100 1# - ENTRADA PRINCIPAL--NOMBRE DE PERSONA
Nombre de persona Fournier González, Gervasio.
9 (RLIN) 202793
245 10 - MENCIÓN DEL TÍTULO
Título Memoria presentada a la Real Academia de la Historia el año de 1874, sobre la verdadera situación del pueblo de Urci en la España antigua, y sobre los límites de las antiguas provincias Bética y Tarraconense :
Resto del título ilustrada con dos cartas geográficas para su mejor estudio /
Mención de responsabilidad, etc. por Gervasio Fournier.
260 ## - PUBLICACIÓN, DISTRIBUCIÓN, ETC.
Lugar de publicación, distribución, etc. Valladolid :
Nombre del editor, distribuidor, etc. [s.n.],
Fecha de publicación, distribución, etc. 1880 (
Fabricante Estab. tip. de F. Santarén)
300 ## - DESCRIPCIÓN FÍSICA
Extensión 34 p., [1] h. de mapa ;
Dimensiones 28 cm.
651 #4 - PUNTO DE ACCESO ADICIONAL DE MATERIA--NOMBRE GEOGRÁFICO
Nombre geográfico Urci (Ciudad desaparecida)
9 (RLIN) 149166
710 2# - ENTRADA AGREGADA--NOMBRE DE ENTIDAD CORPORATIVA
Nombre de entidad corporativa o nombre de jurisdicción como elemento de entrada Real Academia de la Historia (España)
9 (RLIN) 6309
852 ## - LOCALIZACIÓN
Ubicación ES-MaACL
Número de control de estantería T-387-F-10
Nota libre - Enc. en un vol. facticio, falto de cub. original
852 ## - LOCALIZACIÓN
Ubicación ES-MaACL
Número de control de estantería T-1252-F-12
Nota libre .- Dedicatoria manuscrita del autor
Holdings
Estatus retirado Estado de pérdida Estado de daño No para préstamo Colección Biblioteca de origen Biblioteca actual Ubicación en estantería Fecha de adquisición Fuente de adquisición Total de préstamos Signatura topográfica completa Código de barras Visto por última vez Precio de reemplazo Tipo de ítem Koha
        Colección de folletos Biblioteca del Ateneo de Madrid Biblioteca del Ateneo de Madrid Depósito folletos 23/01/2012     T-1252-F-12 1188863 23/02/2023 23/02/2023 Folleto
        Colección de folletos Biblioteca del Ateneo de Madrid Biblioteca del Ateneo de Madrid Depósito folletos 17/01/2008     T-387-F-10 1057273 23/02/2023 23/02/2023 Folleto